000 00512nam a2200193Ia 4500
003 GCL
008 140319s9999 xx 000 0 ara d
040 _aGCL /
_cGCL
082 0 4 _a649
_bط ت
100 1 _aطارق يوسف
245 1 0 _aتغذية طفلك الرضيع /
_cطارق يوسف
260 _a[S.N] :
_bالمركز العربى الحديث
300 _a83 ص
490 _a
650 0 4 _aالاطفال
650 0 4 _aتغذية
650 0 4 _aالاطفال الرضع
942 _2ddc
_cBK
999 _c55045
_d55045